| 000 | 03218cam a2200349 a 4500 | ||
|---|---|---|---|
| 001 | 5939 | ||
| 003 | FISKH | ||
| 005 | 20250828152639.0 | ||
| 008 | 000908s2002 nyua b 000 1 eng | ||
| 010 | _a 00047029 | ||
| 020 | _a0439210429 | ||
| 040 |
_aDLC _cDLC _dDLC _beng |
||
| 050 | _aQA135 .T33 | ||
| 082 | _a513 | ||
| 100 | 1 | _aTang, Greg. | |
| 245 | 1 | 0 |
_aMath for all seasons : _bmind-stretching math riddles / _cby Greg Tang ; illustrated by Harry Briggs. |
| 260 |
_aNew York : _bScholastic, _c2002. |
||
| 300 |
_a40 unnumbered pages : _bcolor illustrations ; _c26 cm |
||
| 505 | _aM | ||
| 520 | _aGreg Tang follows up the fun, innovative, New York Times bestseller GRAPES OF MATH with his second uproariously punny math book -- this time with a theme of seasons and a focus on groups of fives. Your challenge is to find the sum Without counting one by one Why not count? It's much too slow --Adding is the way to go! Make clever groups before you start --Then add them in a way that's smart! MATH FOR ALL SEASONS will challenge every kid -- and every parent -- to open their minds and solve problems in new and unexpected ways. By looking for patterns, symmetries, and familiar number combinations within eye-catching pictures, math will become easier, quicker, and more fun than anyone could have imagined! Greg Tang was tutoring math in his daughter's class when he noticed something interesting about the dominoes they were using. Each white dot had a pencil mark on it, which meant the children had been counting them one at a time. Mr. Tang taught them to look for patterns instead, and to add and subtract groups of dots in order to calculate the dominoes' value quickly. From there, he developed a new method of teaching arithmetic in a visual and spontaneous way. His method teaches both computational and problem-solving skills, and is so fun and challenging that children forget they are learning math! He believes that all kids are capable of doing well in math, and he has a mission to make math a natural part of every child's life. He has successfully taught his method to children from ages five to ten.Grapes of Math and Math for All Seasons are part of a series of books that will help children gain the range of skills needed for higher math. His books challenge and encourage children to use creativity and common sense to solve problems, rather than formulas and memorization. Greg Tang has an impressive mathematics background. He earned his B.A. and M.A. degrees in economics from Harvard, and he also holds an M.A. degree in Math Education from New York University. He has applied his problem-solving methods in building successful companies and products in a variety of industries. Greg Tang currently lives in Belmont, Massachusetts, with his family. | ||
| 521 | 8 |
_a530
_bLexile estimate |
|
| 521 | 8 |
_aM
_bRaz-Plus |
|
| 650 | 0 |
_aCounting _vJuvenile literature. |
|
| 650 | 0 |
_aArithmetic _vJuvenile literature. |
|
| 650 | 0 |
_aMathematics _xStudy and teaching (Elementary) |
|
| 650 | 1 | _aCounting. | |
| 650 | 1 | _aArithmetic. | |
| 700 | 1 |
_aBriggs, Harry _eIllustrator |
|
| 906 |
_a7 _bcbc _corignew _d1 _eocip _f20 _gy-gencatlg |
||
| 942 |
_2ddc _cBK _n0 |
||
| 999 |
_c5939 _d5939 |
||